00496nam a2200181Ia 4500003000400000005001700004008004100021020001800062040000700080041000800087082001500095100001500110245007200125260004700197300001800244365001300262650003900275OSt20230605125559.0210423s2004 xx 000 0 und d a81-7629-285-0 cAL aeng a362.1 GOEH aGOEL (S L) aPrimary health care managementbHealth care system and management 4 aNew DelhibDeep and deep publicationc2004 axxii, 289bHB b880cINR aSocial Welfare Problems & Services